LEADER 01811nam a2200325 4500 001 000000349191 003 CaOOAMICUS 005 20250214122703.0 008 220121s2013 gw a 000 u ger r 020 $a978-3-11-017547-9 040 $aSeMil$bita 041 0 $ager$agrc 100 0 $aEpiphanius,$c.$0(OLS)http://semarc/name/5724 245 10$a1: Ancoratus und Panarion haer. 1-33 /$cEpiphanius ; herausgegeben von Karl Holl (?) 250 $a2., erweiterte Aufl. / herausgegeben von Marc Bergermann und Christian-Friedrich Collatz 264 1$aBerlin ; Boston :$bDe Gruyter,$c2013. 300 $a2 v. ;$c25 cm 490 1 $aDie griechischen christlichen Schriftsteller der ersten Jahruhunderte. Neue Folge ;$v10 546 $aTesto in greco antico, introduzione e commento in tedesco 700 1 $aCollatz, Christian Friedrich.$0(OLS)http://semarc/name/115329 700 1 $aBergermann, Marc.$0(OLS)http://semarc/name/115330 700 1 $aHoll, Karl,$d<1866-1926>.$0(OLS)http://semarc/name/4418 773 0 $aEpiphanius, $tEpiphanius.$dLeipzig : Hinrichs, 1933-1979.$kGriechischen christlichen Schriftsteller der ersten Jahrhunderte$w()349194 774 0 $aEpiphanius, $tTeilband 1.1. : Text.$dBerlin ; Boston : De Gruyter, 2013.$w()349192 774 0 $aEpiphanius, $tTeilband 1.2: Addenda & Corrigenda.$dBerlin ; Boston : De Gruyter, 2013.$w()349193 830 4$aDie griechischen christlichen Schriftsteller der ersten Jahruhunderte. Neue Folge ;$v10.$0(OLS)http://semarc/title/431726 996 $6020$a978-3-11-017547-9$9(OLS)http://semarc/number/295110 996 $6245$a1: Ancoratus und Panarion haer. 1-33$9(OLS)http://semarc/title/160497 996 $6264$aBerlin ; Boston :$bDe Gruyter$9(OLS)http://semarc/publisher/36449 LEADER 00894nam a2200217 i 4500 001 000000242201 003 CaOOAMICUS 005 20150529000000.0 008 150529s1732 it u000 u fre u 013 $a221106 026 $antet e-e& ueen leso (3) 1732 (R) 040 $aSeMil$bita 245 10$aTome 1. 300 $a[28], 411, [17] p., [1] cart di tav. :$bantip. 500 $aFront. inciso precede il front. tip. - Segn. : a12 e2 A-S12 T6. 773 0 $aVilliers, Pierre : de <1648-1728>$tPensées et reflexions sur les egaremens des hommes dans la voye du salut. Tome 1. [-3.].$bQuatrième édition.$dA Paris : De l'Imprimerie de Jacques Collombat, 1732.$g1$w()31955 850 $aSeMil 852 $aSeMil$W1$xVenegono$y1$m3F I 537 FA$j192547$B192547$CSeMilBibl$Z2$F203358 $8I 941 1 $a10 961 $aRecupero: Mantegazza 996 $6245$aTome 1$9(OLS)http://semarc/title/1447